000 00593nam a2200205Ia 4500
003 GCL
008 140319s9999 xx 000 0 eng d
040 _aGCL /
_cGCL
082 0 4 _aP
_b333.8233
_bH N
100 1 _aHOMER, JOHN
245 1 0 _aNALURAL GES IN DEVELOPING COUNTRIES: EVALUATING THE BENEFITS TO THE ENVIERONMMENT /
_cHOMER, JOHN
260 _a[S.N] :
_bTHE WORLD BANK ،
_c1993
300 _a40
650 0 4 _aGAS INDUSTRY
650 0 4 _aNATURAL GAS
650 0 4 _aENVIRONMENTAL ASPECTS
650 0 4 _aSUSTIONABLE DEVELOPMENT
650 0 4 _aDEVELOPING COUNTRIES
942 _2ddc
_cCR
999 _c25880
_d25880